000 00261nam a22000977a 4500
999 _c11605
_d11605
008 190820b ||||| |||| 00| 0 eng d
020 _a9788178557403
100 _aM.L.Aggarwal
_97313
245 _aMathematics-XI (Volume-II)
260 _aNew Delhi
_bArya Publications